UBT Library

Building a magnetic culture : (Record no. 546)

000 -LEADER
fixed length control field 00588nam a22001937a 4500
005 - DATE AND TIME OF LATEST TRANSACTION
control field 20150327111612.0
008 - FIXED-LENGTH DATA ELEMENTS--GENERAL INFORMATION
fixed length control field 111028s2012 nyua b 001 0 eng
020 ## - INTERNATIONAL STANDARD BOOK NUMBER
International Standard Book Number 9780071773997
041 0# - LANGUAGE CODE
Language code of text/sound track or separate title eng
080 ## - UNIVERSAL DECIMAL CLASSIFICATION NUMBER
Universal Decimal Classification number 658
100 1# - Rafti
Rafti Sheridan, Kevin,
245 10 - TITLE STATEMENT
Title Building a magnetic culture :
Statement of responsibility, etc by Kevin Sheridan.
260 ## -
-- New York :
-- McGraw-Hill,
-- 2012.
300 ## -
-- 263 f. :
-- me il.;
-- 25 cm.
505 0# -
-- Index: f. 253 - 261
650 #0 -
-- Punonjësit
650 #0 -
-- Motivimi
942 ## - ADDED ENTRY ELEMENTS (KOHA)
Source of classification or shelving scheme
Item type Books
Holdings
Withdrawn status Lost status Source of classification or shelving scheme Damaged status Not for loan Collection code Permanent location Current location Shelving location Date acquired Total Checkouts Full call number Date last seen Koha item type
          Koleksioni i përgjithshem UBT - Lipjan UBT - Lipjan Koleksioni i përgjithshem 03/27/2015   658 SHE 03/27/2015 Books
UBT Library © 2015-2024. All rights reserved University Education for Business and Technology